| 000 | 00305 a2200121 4500 | ||
|---|---|---|---|
| 001 | 13227 | ||
| 082 | _a621.384135 BAR | ||
| 090 |
_c10222 _d10222 |
||
| 100 | _aBarbarossa, S. | ||
| 245 | _aMultiantenna Wireless Communication systems | ||
| 260 |
_alondon _bArtech house _c2005 |
||
| 300 | _axv, 448 p | ||
| 942 |
_aNUST-CAE _k621.384135 BAR |
||
| 999 |
_c248300 _d248300 |
||